[Event "Winnipeg op"]
[Site "Winnipeg CAN"]
[Date "2014.06.24"]
[Round "4.8"]
[White "Reimer, Bruce"]
[Black "Flynn, Darren"]
[Result "1-0"]
[WhiteElo "1653"]
[BlackElo "1443"]
[PlyCount "51"]
[EventDate "2014.06.03"]
[EventType "swiss"]
[EventRounds "5"]
[EventCountry "CAN"]

1. c4 e6 2. g3 d5 3. Bg2 Nf6 4. e3 c6 5. d4 c5 6. b3 Nbd7 7. Ba3 b6 8. dxc5
Nxc5 9. Bxc5 Bxc5 10. Ne2 Bb7 11. Nbc3 Bb4 12. O-O O-O 13. Qc2 Rb8 14. Rad1 Qd7
15. Rd3 Rbd8 16. Rfd1 Qc6 17. Ne4 Nxe4 18. Bxe4 Rd6 19. Bg2 Rfd8 20. Nd4 Qc7
21. Nb5 Qc6 22. Nxd6 Bxd6 23. Qd2 a5 24. cxd5 Bb4 25. dxc6 Bxd2 26. Rxd8# 1-0

[Event "Winnipeg op"]
[Site "Winnipeg CAN"]
[Date "2014.06.24"]
[Round "4.8"]
[White "Remillard, John"]
[Black "Czarny, Keith"]
[Result "0-1"]
[WhiteElo "1700"]
[BlackElo "1727"]
[PlyCount "60"]
[EventDate "2014.06.03"]
[EventType "swiss"]
[EventRounds "5"]
[EventCountry "CAN"]

1. c4 g6 2. Nc3 Bg7 3. e4 c5 4. Nf3 Nc6 5. Be2 d6 6. O-O Nf6 7. Nd5 Nxe4 8. Re1
O-O 9. d3 Nf6 10. d4 cxd4 11. Nxd4 Nxd5 12. Nxc6 bxc6 13. cxd5 cxd5 14. Qxd5
Be6 15. Qb7 Qd7 16. Qa6 Rac8 17. Bb5 Qc7 18. a4 Qb6 19. Re2 Qxa6 20. Bxa6 Rc5
21. Be3 Rc7 22. a5 Rb8 23. Rc1 Rxc1+ 24. Bxc1 Bd4 25. Rd2 Bc5 26. b4 Rxb4 27.
Bd3 Ra4 28. a6 Ra1 29. Rc2 Kg7 30. h3 Ba3 0-1

[Event "Winnipeg op"]
[Site "Winnipeg CAN"]
[Date "2014.06.24"]
[Round "4.8"]
[White "Trueman, Francis"]
[Black "Atem, James"]
[Result "0-1"]
[WhiteElo "1554"]
[BlackElo "1902"]
[PlyCount "60"]
[EventDate "2014.06.03"]
[EventType "swiss"]
[EventRounds "5"]
[EventCountry "CAN"]

1. Nf3 d5 2. d3 c5 3. g3 Nc6 4. Bg2 e5 5. O-O Be7 6. Nc3 h6 7. e4 d4 8. Ne2 Nf6
9. c3 Be6 10. c4 Qd7 11. a3 O-O-O 12. Bd2 Kb8 13. b4 Rdg8 14. b5 Nd8 15. Nxe5
Qc8 16. Nf4 g5 17. Nxe6 Qxe6 18. Nc6+ bxc6 19. bxc6 Nxc6 20. Qb3+ Kc7 21. Qa4
Nd7 22. f4 Nb6 23. Qb5 f6 24. a4 Rb8 25. f5 Qc8 26. Ba5 a6 27. Qb3 Nxa5 28. Qd1
Nc6 29. a5 Nd7 30. Qf3 Nde5 0-1

[Event "Winnipeg op"]
[Site "Winnipeg CAN"]
[Date "2014.07.08"]
[Round "5.8"]
[White "Babb, Jeff"]
[Black "Atem, James"]
[Result "1-0"]
[WhiteElo "2126"]
[BlackElo "1902"]
[PlyCount "51"]
[EventDate "2014.06.03"]
[EventType "swiss"]
[EventRounds "5"]
[EventCountry "CAN"]

1. f4 d5 2. e3 a6 3. Nf3 e6 4. b3 Be7 5. Bb2 Bf6 6. Ne5 Nd7 7. d4 g6 8. Nd2 Ne7
9. Ndf3 Nf5 10. Qd2 O-O 11. Bd3 Nd6 12. g4 Bh4+ 13. Ke2 Bf6 14. h4 Nb6 15. Ba3
Be7 16. h5 f6 17. Bxd6 cxd6 18. Nxg6 hxg6 19. hxg6 f5 20. g5 Kg7 21. Rh7+ Kxg6
22. Rah1 Bxg5 23. Nxg5 Qxg5 24. fxg5 Bd7 25. Kd1 Bb5 26. R1h6+ 1-0

[Event "Winnipeg op"]
[Site "Winnipeg CAN"]
[Date "2014.07.08"]
[Round "5.8"]
[White "Clark, Jeff"]
[Black "Boron, Anthony"]
[Result "1/2-1/2"]
[WhiteElo "1988"]
[BlackElo "2023"]
[PlyCount "69"]
[EventDate "2014.06.03"]
[EventType "swiss"]
[EventRounds "5"]
[EventCountry "CAN"]

1. d4 Nf6 2. c4 c5 3. d5 b5 4. cxb5 a6 5. b6 Qxb6 6. Nc3 g6 7. e4 d6 8. Bd3 Bg7
9. Nge2 O-O 10. O-O Bb7 11. Qc2 Nbd7 12. Na4 Qa7 13. Rb1 Ne5 14. b3 e6 15. Bc4
exd5 16. exd5 Nxd5 17. Bxd5 Bxd5 18. Nf4 Bc6 19. Nc3 Qb7 20. Rd1 Rad8 21. Nfd5
h5 22. h3 Be8 23. b4 c4 24. a4 Nd3 25. Rxd3 cxd3 26. Qxd3 Bc6 27. b5 axb5 28.
axb5 Be8 29. Ne4 Be5 30. Bg5 Rd7 31. Nef6+ Kg7 32. Nxd7 Bxd7 33. Ne3 f6 34. Bh4
Rc8 35. Bg3 1/2-1/2

[Event "Winnipeg op"]
[Site "Winnipeg CAN"]
[Date "2014.07.08"]
[Round "5.8"]
[White "Czarny, Keith"]
[Black "Einarsson, Ken"]
[Result "1/2-1/2"]
[WhiteElo "1727"]
[BlackElo "1739"]
[PlyCount "75"]
[EventDate "2014.06.03"]
[EventType "swiss"]
[EventRounds "5"]
[EventCountry "CAN"]

1. Nc3 d5 2. d4 Nf6 3. g3 e6 4. Bg2 c5 5. Nf3 cxd4 6. Nxd4 e5 7. Nb3 d4 8. Nb1
Nc6 9. O-O Be7 10. c3 O-O 11. cxd4 Nxd4 12. Nxd4 exd4 13. Qb3 Rb8 14. Bf4 Be6
15. Qa4 b5 16. Qxa7 Rc8 17. a3 Rc2 18. Rd1 Bc5 19. Qb7 Rxb2 20. Nd2 Nd5 21. Be5
f6 22. Qc6 Qe7 23. Ne4 Nc3 24. Nxc5 Nxd1 25. Bxd4 Rxe2 26. Nxe6 Re1+ 27. Bf1
Qxe6 28. Qxe6+ Rxe6 29. Rxd1 Rd8 30. Bxb5 Red6 31. Bc4+ Kh8 32. f4 Rxd4 33.
Rxd4 Rxd4 34. Bb5 Kg8 35. Kg2 Rd2+ 36. Kf3 Kf7 37. h4 Ke6 38. Ke3 1/2-1/2

[Event "Winnipeg op"]
[Site "Winnipeg CAN"]
[Date "2014.07.08"]
[Round "5.8"]
[White "Flynn, Darren"]
[Black "Korenbaum, Max"]
[Result "1/2-1/2"]
[WhiteElo "1443"]
[BlackElo "1333"]
[PlyCount "70"]
[EventDate "2014.06.03"]
[EventType "swiss"]
[EventRounds "5"]
[EventCountry "CAN"]

1. d4 Nf6 2. Nc3 g6 3. e4 d5 4. exd5 Nxd5 5. Bd2 Bg7 6. Nf3 Bg4 7. h3 Bxf3 8.
Qxf3 e6 9. Nxd5 exd5 10. Qe2+ Qe7 11. c3 Qxe2+ 12. Bxe2 Nc6 13. Bb5 Rb8 14. O-O
O-O 15. Bxc6 bxc6 16. b3 Rb5 17. Be3 f5 18. c4 dxc4 19. bxc4 Rb4 20. Rac1 Rd8
21. Rfd1 Kf7 22. Bf4 Rd7 23. g3 Ke6 24. d5+ cxd5 25. cxd5+ Kf6 26. Bxc7 Rb7 27.
Rc6+ Kf7 28. Bf4 Bf6 29. Rd6 g5 30. Rxd7+ Rxd7 31. Be3 Kg6 32. f4 h6 33. fxg5
hxg5 34. h4 gxh4 35. gxh4 Bxh4 1/2-1/2

[Event "Winnipeg op"]
[Site "Winnipeg CAN"]
[Date "2014.07.08"]
[Round "5.8"]
[White "Green, Jim"]
[Black "Rutter, Blair"]
[Result "0-1"]
[WhiteElo "1826"]
[BlackElo "1945"]
[PlyCount "86"]
[EventDate "2014.06.03"]
[EventType "swiss"]
[EventRounds "5"]
[EventCountry "CAN"]

1. e4 e6 2. d3 c5 3. Nf3 Nc6 4. g3 d6 5. Bg2 e5 6. h3 Be7 7. O-O Be6 8. Nbd2
Rb8 9. a3 g5 10. Nh2 Qd7 11. f4 gxf4 12. gxf4 Bxh3 13. f5 Bxg2 14. Kxg2 Nf6 15.
Ndf3 Kd8 16. Kf2 Kc7 17. Bd2 Rbg8 18. Rg1 Rxg1 19. Qxg1 Rg8 20. Qf1 Ng4+ 21.
Nxg4 Rxg4 22. Qh3 Rg7 23. Bh6 Rg8 24. c3 Qd8 25. Qh5 Qe8 26. Rh1 Nd8 27. Bg5
Bxg5 28. Nxg5 Qb5 29. Ke3 Qxb2 30. c4 Qg2 31. Nf3 Rg3 32. f6 Qb2 33. Rh2 Qc1+
34. Ke2 Qf4 35. Rf2 Qc1 36. Rh2 Qf4 37. Rf2 h6 38. Rf1 Rg2+ 39. Rf2 Rxf2+ 40.
Kxf2 Qxf6 41. Ke2 Qg6 42. Qh3 Ne6 43. Kd2 Nf4 0-1

[Event "Winnipeg op"]
[Site "Winnipeg CAN"]
[Date "2014.07.08"]
[Round "5.8"]
[White "Keer, Keer"]
[Black "Baron, Gustav"]
[Result "0-1"]
[WhiteElo "1472"]
[BlackElo "1904"]
[PlyCount "42"]
[EventDate "2014.06.03"]
[EventType "swiss"]
[EventRounds "5"]
[EventCountry "CAN"]

1. d4 Nf6 2. Bg5 Ne4 3. Bf4 d5 4. e3 Bf5 5. Bd3 Bg6 6. Nf3 e6 7. h4 h6 8. h5
Bh7 9. Ne5 Nd7 10. Qf3 Ndf6 11. Nc3 Bb4 12. g4 Nxc3 13. Bxh7 Rxh7 14. bxc3
Bxc3+ 15. Ke2 Bxa1 16. Rxa1 Qe7 17. Kf1 Ne4 18. Kg2 O-O-O 19. c4 c6 20. cxd5
exd5 21. Rc1 Qd6 {and Black won} 0-1

[Event "Winnipeg op"]
[Site "Winnipeg CAN"]
[Date "2014.07.08"]
[Round "5.8"]
[White "Le Dorze, Phil"]
[Black "Wasserman, Leor"]
[Result "0-1"]
[WhiteElo "1810"]
[BlackElo "2084"]
[PlyCount "105"]
[EventDate "2014.06.03"]
[EventType "swiss"]
[EventRounds "5"]
[EventCountry "CAN"]

1. d4 Nf6 2. c4 g6 3. Nc3 d5 4. Nf3 Bg7 5. h3 O-O 6. Bf4 c6 7. e3 Nbd7 8. Be2
dxc4 9. Bxc4 Nb6 10. Bb3 Nbd5 11. Nxd5 Nxd5 12. Be5 a5 13. Bxg7 Kxg7 14. O-O
Bf5 15. Re1 Be4 16. Ng5 Nf6 17. Bxf7 Bd5 18. Ne6+ Bxe6 19. Bxe6 Qd6 20. Bc4 Ne4
21. f3 Ng5 22. f4 Ne4 23. d5 Qc5 24. Qd4+ Qxd4 25. exd4 Rxf4 26. dxc6 bxc6 27.
d5 Nd6 28. Be2 cxd5 29. Bf3 Ne4 30. Bxe4 dxe4 31. g3 Rf3 32. Rxe4 Rxg3+ 33. Kh2
Rd3 34. Rxe7+ Kh6 35. Rae1 Rf8 36. R7e3 Rxe3 37. Rxe3 Rf2+ 38. Kg3 Rxb2 39. a3
a4 40. Kg4 Rb3 41. Rf3 Rxf3 42. Kxf3 Kg5 43. Kg3 h5 44. h4+ Kf5 45. Kf3 g5 46.
hxg5 Kxg5 47. Kg3 h4+ 48. Kh3 Kh5 49. Kg2 Kg4 50. Kh2 Kf3 51. Kh3 Ke3 52. Kxh4
Kd3 53. Kg4 0-1

[Event "Winnipeg op"]
[Site "Winnipeg CAN"]
[Date "2014.07.08"]
[Round "5.8"]
[White "Ma, Derek"]
[Black "Kernetsky, Myron"]
[Result "0-1"]
[WhiteElo "1785"]
[BlackElo "2015"]
[PlyCount "76"]
[EventDate "2014.06.03"]
[EventType "swiss"]
[EventRounds "5"]
[EventCountry "CAN"]

1. e4 e6 2. d4 d5 3. e5 c5 4. c3 Nc6 5. Be3 Qb6 6. Qd2 Bd7 7. Nf3 Nh6 8. Bd3
Nf5 9. Bxf5 exf5 10. O-O Be6 11. Ng5 cxd4 12. cxd4 Bb4 13. Nc3 O-O 14. a3 Be7
15. Nf3 Na5 16. Qc2 Rfc8 17. Nd2 Nc4 18. Nxc4 Rxc4 19. f4 Rac8 20. Rfc1 R4c6
21. Qd2 Qb3 22. Rab1 h6 23. h3 Rc4 24. Kh2 Bd8 25. Qc2 Qxc2 26. Rxc2 Ba5 27.
Rbc1 Kf8 28. Kg1 Bb6 29. Rd2 Bd8 30. Kf2 Be7 31. Ra1 a6 32. Ke2 Bd8 33. Rc2 f6
34. Kd3 fxe5 35. fxe5 g5 36. h4 f4 37. Rf1 Kg7 38. Bg1 b5 {and Black won in 72.
} 0-1

[Event "Winnipeg op"]
[Site "Winnipeg CAN"]
[Date "2014.07.08"]
[Round "5.8"]
[White "Magyar, Peter"]
[Black "Roy, Rayan"]
[Result "0-1"]
[WhiteElo "1578"]
[BlackElo "1463"]
[PlyCount "68"]
[EventDate "2014.06.03"]
[EventType "swiss"]
[EventRounds "5"]
[EventCountry "CAN"]

1. d4 e6 2. e3 c5 3. c3 d6 4. Nf3 Qc7 5. Nbd2 Nf6 6. Bd3 Be7 7. O-O O-O 8. Re1
Nc6 9. h3 Re8 10. a3 a6 11. b4 b6 12. Bb2 Rb8 13. a4 cxb4 14. cxb4 Nxb4 15. Rc1
Qb7 16. Be2 Bd7 17. e4 b5 18. a5 Red8 19. e5 dxe5 20. Nxe5 Bc6 21. Nxc6 Nxc6
22. Bf3 Rbc8 23. Re3 Nd5 24. Rd3 Nxa5 25. Be4 f5 26. Bf3 Rxc1 27. Bxc1 Qd7 28.
Bh5 Nf4 29. Rg3 Qxd4 30. Qf3 Bh4 31. Nb3 Nxb3 32. Qb7 Ne2+ 33. Kh2 Bxg3+ 34.
fxg3 Qg1# 0-1

[Event "Winnipeg op"]
[Site "Winnipeg CAN"]
[Date "2014.07.08"]
[Round "5.8"]
[White "Reimer, Bruce"]
[Black "Evans, Jason"]
[Result "0-1"]
[WhiteElo "1653"]
[BlackElo "1474"]
[PlyCount "81"]
[EventDate "2014.06.03"]
[EventType "swiss"]
[EventRounds "5"]
[EventCountry "CAN"]

1. c4 e5 2. Nc3 Nf6 3. g3 c6 4. d4 Bb4 5. a3 Bxc3+ 6. bxc3 Qc7 7. Bg2 O-O 8.
Bg5 Ne8 9. Be7 e4 10. Qc2 d5 11. Bxf8 Kxf8 12. cxd5 cxd5 13. Nh3 Nc6 14. O-O
Nxd4 15. Qb2 Ne6 16. Rfd1 Nf6 17. f3 b6 18. fxe4 Nxe4 19. Rac1 Qc5+ 20. Kh1
N6g5 21. Bxe4 Nxe4 22. Ng1 Nf2+ 23. Kg2 Nxd1 24. Rxd1 Bb7 25. Nf3 Re8 26. Nd4
Qc4 27. Qc2 g6 28. Qd2 Re5 29. Rf1 Kg8 30. Rf2 f5 31. Qf4 Re8 32. Qd2 Qc5 33.
a4 Qc4 34. Qc2 a6 35. h4 b5 36. axb5 axb5 37. h5 Re4 38. hxg6 hxg6 39. Rf4 Re3
40. Kf2 Re7 41. Nxf5 0-1

[Event "Winnipeg op"]
[Site "Winnipeg CAN"]
[Date "2014.07.08"]
[Round "5.8"]
[White "Remillard, John"]
[Black "Jenkins, Mark"]
[Result "1-0"]
[WhiteElo "1700"]
[BlackElo "1485"]
[PlyCount "49"]
[EventDate "2014.06.03"]
[EventType "swiss"]
[EventRounds "5"]
[EventCountry "CAN"]

1. Nf3 d5 2. e3 c5 3. d4 cxd4 4. exd4 g6 5. c3 Nc6 6. Bf4 Bh6 7. Qd2 Bxf4 8.
Qxf4 Nf6 9. Qh6 Qb6 10. b3 Bf5 11. Nbd2 Ne4 12. Qe3 O-O 13. Nxe4 Bxe4 14. h4
Rac8 15. h5 Qa5 16. Ng5 Nd8 17. Nxe4 dxe4 18. Kd2 Qa3 19. Kc2 Ne6 20. Bc4 Ng7
21. hxg6 Nf5 22. gxf7+ Kg7 23. Qg5+ Kh8 24. Qxf5 Rxc4 25. Qxh7# 1-0

[Event "Winnipeg op"]
[Site "Winnipeg CAN"]
[Date "2014.07.08"]
[Round "5.8"]
[White "Schulz, Waldemar"]
[Black "Campbell, Jamie"]
[Result "1/2-1/2"]
[WhiteElo "2010"]
[BlackElo "1806"]
[PlyCount "47"]
[EventDate "2014.06.03"]
[EventType "swiss"]
[EventRounds "5"]
[EventCountry "CAN"]

1. Nf3 c5 2. c4 g6 3. g3 Bg7 4. Bg2 Nf6 5. O-O O-O 6. Nc3 d6 7. d4 cxd4 8. Nxd4
Nbd7 9. b3 a6 10. Bb2 Rb8 11. Qd2 Qc7 12. Rfd1 Ne5 13. Rac1 Rd8 14. Rc2 e6 15.
Rdc1 Nc6 16. Na4 Bd7 17. Nb5 axb5 18. cxb5 d5 19. bxc6 Bxc6 20. Nc5 Ne4 21. Qb4
Bxb2 22. Rxb2 Nxc5 23. Qxc5 Qd6 24. Rbc2 1/2-1/2

[Event "Zukertort"]
[Site "Charlesbourg CAN"]
[Date "2014.02.10"]
[Round "1"]
[White "Cote, Jocelyn"]
[Black "Lessard, Claude"]
[Result "0-1"]
[WhiteElo "1743"]
[BlackElo "2061"]
[PlyCount "66"]
[EventDate "2014.02.10"]
[EventType "swiss"]
[EventRounds "5"]
[EventCountry "CAN"]

1. e4 c6 2. Nc3 d5 3. exd5 cxd5 4. d4 g6 5. h3 Bg7 6. Nf3 Nc6 7. Bf4 a6 8. Ne5
Nf6 9. Be2 Qb6 10. Nxc6 Qxc6 11. a4 O-O 12. O-O Bf5 13. g4 Be6 14. a5 Rac8 15.
Bd3 h5 16. Be2 hxg4 17. hxg4 Ne8 18. Kg2 Nd6 19. f3 Nc4 20. Bxc4 Qxc4 21. Ra4
Qc6 22. Rh1 Qd7 23. Ra3 f5 24. g5 Kf7 25. Na4 Rh8 26. Rxh8 Rxh8 27. Nc5 Qc6 28.
Rb3 Bc8 29. Rb6 Qe8 30. Nxb7 Rh4 31. Be5 Qh8 32. Kf2 Bxe5 33. dxe5 Qxe5 0-1

[Event "Zukertort"]
[Site "Charlesbourg CAN"]
[Date "2014.02.10"]
[Round "1"]
[White "Lapointe, Daniel"]
[Black "Garneau, Benoit"]
[Result "0-1"]
[WhiteElo "1660"]
[BlackElo "1951"]
[PlyCount "28"]
[EventDate "2014.02.10"]
[EventType "swiss"]
[EventRounds "5"]
[EventCountry "CAN"]

1. d4 Nf6 2. c4 g6 3. Nc3 d5 4. Nf3 Bg7 5. e3 O-O 6. cxd5 Nxd5 7. Be2 c5 8. O-O
Nc6 9. a3 e5 10. Nxd5 Qxd5 11. e4 Qxe4 12. dxc5 Rd8 13. Qe1 Qc2 14. b4 e4 0-1

[Event "Zukertort"]
[Site "Charlesbourg CAN"]
[Date "2014.02.10"]
[Round "1"]
[White "Pouliot, Andre"]
[Black "Tremblay-Alix, Eric"]
[Result "0-1"]
[WhiteElo "1357"]
[BlackElo "1828"]
[PlyCount "98"]
[EventDate "2014.02.10"]
[EventType "swiss"]
[EventRounds "5"]
[EventCountry "CAN"]

1. d4 f5 2. Nf3 Nf6 3. c4 e6 4. e3 b6 5. Nbd2 c5 6. Be2 Bb7 7. O-O Be7 8. b3
O-O 9. Bb2 Qc7 10. Qc2 Ne4 11. Rad1 d5 12. Nxe4 dxe4 13. Ne1 Rf6 14. f4 cxd4
15. Bxd4 Rg6 16. Qb2 Nc6 17. Bc3 Bc5 18. Nc2 Qe7 19. Nd4 Rf8 20. Qc1 Qh4 21.
Rf2 e5 22. Nxc6 exf4 23. Rxf4 Qg5 24. Ne7+ Bxe7 25. Bf1 Bd6 26. Rf2 Qh4 27.
Rxd6 Rxd6 28. Bb4 Rh6 29. g3 Qf6 30. Bxf8 Qxf8 31. Rd2 Bc6 32. Qd1 Qc5 33. Rd8+
Kf7 34. Qd2 Rf6 35. Qd4 Qa3 36. Qd2 g5 37. h3 f4 38. gxf4 gxf4 39. exf4 Qc5+
40. Qd4 Qxd4+ 41. Rxd4 Rxf4 42. Bg2 Ke6 43. Rd8 Rf6 44. b4 Rg6 45. Kh2 Ke7 46.
Rd4 e3 47. Bxc6 e2 48. Re4+ Re6 49. Kg3 Rxe4 0-1

[Event "Zukertort"]
[Site "Charlesbourg CAN"]
[Date "2014.02.10"]
[Round "1"]
[White "Tremblay, Rejean"]
[Black "Gaudreau, Eric"]
[Result "1-0"]
[WhiteElo "2223"]
[BlackElo "1746"]
[PlyCount "89"]
[EventDate "2014.02.10"]
[EventType "swiss"]
[EventRounds "5"]
[EventCountry "CAN"]

1. d4 Nf6 2. c4 e6 3. Nf3 d5 4. Nc3 Be7 5. Bg5 Nbd7 6. e3 h6 7. Bh4 O-O 8. Rc1
c6 9. Bd3 Ne4 10. Bxe7 Nxc3 11. Qc2 Qxe7 12. Qxc3 dxc4 13. Bxc4 Nb6 14. Be2 Nd5
15. Qd2 Qb4 16. Qxb4 Nxb4 17. a3 Nd5 18. O-O Bd7 19. Ne5 Rfd8 20. Rfd1 Be8 21.
Nc4 Rac8 22. b4 g5 23. g3 Rc7 24. Rd2 f5 25. Bf3 Nf6 26. Rdc2 f4 27. Ne5 fxe3
28. fxe3 Nd5 29. Kf2 h5 30. e4 Nf6 31. Ke3 Nd7 32. Nd3 Nf6 33. Nc5 Re7 34. e5
Nd5+ 35. Bxd5 cxd5 36. Nd3 Bg6 37. Rc8 Rxc8 38. Rxc8+ Kg7 39. Nc5 b6 40. Rc7
Kf7 41. Rxe7+ Kxe7 42. Nb7 Kd7 43. Nd6 h4 44. gxh4 gxh4 45. Kf4 1-0

[Event "Zukertort"]
[Site "Charlesbourg CAN"]
[Date "2014.02.17"]
[Round "2"]
[White "Beaudoin, Stephane"]
[Black "Glode, Martin"]
[Result "1-0"]
[WhiteElo "2020"]
[BlackElo "1866"]
[PlyCount "91"]
[EventDate "2014.02.10"]
[EventType "swiss"]
[EventRounds "5"]
[EventCountry "CAN"]

1. e4 d6 2. d4 Nf6 3. Nc3 e5 4. Nf3 exd4 5. Qxd4 Be7 6. Bf4 O-O 7. O-O-O Nc6 8.
Qd2 a6 9. h3 b5 10. Bd3 Be6 11. g4 Nd7 12. Qe2 Nb4 13. Rhe1 Nxd3+ 14. Qxd3 Bc4
15. Qe3 Nc5 16. e5 Re8 17. b3 b4 18. Ne4 Nxe4 19. Qxe4 d5 20. Qe3 Bb5 21. Qd2
c6 22. Nd4 Qa5 23. Kb1 Bc5 24. Nf5 Re6 25. Be3 Bf8 26. f4 Rd8 27. Qf2 Rb8 28.
Bc5 Bxc5 29. Qxc5 Qb6 30. Qxb6 Rxb6 31. Nd4 Re8 32. f5 Rb7 33. f6 Rd7 34. Nf5
g6 35. Ng7 Rf8 36. g5 a5 37. e6 fxe6 38. Nxe6 Rff7 39. Nc5 Rd8 40. Re5 h6 41.
h4 hxg5 42. hxg5 Rh7 43. Rde1 Rf8 44. Re7 Rxe7 45. Rxe7 Bf1 46. Nd7 1-0

[Event "Zukertort"]
[Site "Charlesbourg CAN"]
[Date "2014.02.17"]
[Round "2"]
[White "Tremblay-Alix, Eric"]
[Black "Laflamme, Simon"]
[Result "1-0"]
[WhiteElo "1828"]
[BlackElo "1954"]
[PlyCount "45"]
[EventDate "2014.02.10"]
[EventType "swiss"]
[EventRounds "5"]
[EventCountry "CAN"]

1. c4 Nf6 2. Nc3 c5 3. Nf3 Nc6 4. d4 cxd4 5. Nxd4 e6 6. a3 Qb6 7. Nb3 Ne5 8. e3
Be7 9. Be2 O-O 10. Nd4 a6 11. b3 d6 12. Bb2 Qc7 13. O-O b6 14. f4 Nc6 15. Nxc6
Qxc6 16. Bf3 d5 17. cxd5 Qd6 18. dxe6 Ra7 19. exf7+ Kxf7 20. Qxd6 Bxd6 21. Nd5
Bc5 22. b4 Be6 23. Bxf6 1-0

[Event "Zukertort"]
[Site "Charlesbourg CAN"]
[Date "2014.02.24"]
[Round "3"]
[White "Bahadi, Khalid"]
[Black "Garneau, Benoit"]
[Result "1-0"]
[WhiteElo "1991"]
[BlackElo "1951"]
[PlyCount "42"]
[EventDate "2014.02.10"]
[EventType "swiss"]
[EventRounds "5"]
[EventCountry "CAN"]

1. d4 Nf6 2. c4 g6 3. Nc3 d5 4. cxd5 Nxd5 5. e4 Nxc3 6. bxc3 Bg7 7. f4 O-O 8.
Nf3 c5 9. Be3 Bg4 10. Qd2 Bxf3 11. gxf3 Nc6 12. d5 Qa5 13. Rc1 Rfd8 14. Bd3 b6
15. a4 Qxa4 16. dxc6 c4 17. Qc2 Bxc3+ 18. Kf2 Qxc2+ 19. Bxc2 b5 20. e5 b4 21.
Be4 Bd2 1-0

[Event "Zukertort"]
[Site "Charlesbourg CAN"]
[Date "2014.02.24"]
[Round "3"]
[White "Fecteau, Martin"]
[Black "Beaudoin, Stephane"]
[Result "1/2-1/2"]
[WhiteElo "1928"]
[BlackElo "2020"]
[PlyCount "80"]
[EventDate "2014.02.10"]
[EventType "swiss"]
[EventRounds "5"]
[EventCountry "CAN"]

1. c4 Nf6 2. Nc3 g6 3. e4 d6 4. d4 Bg7 5. Nf3 O-O 6. h3 c5 7. Be3 cxd4 8. Nxd4
Nbd7 9. Be2 Nc5 10. Qc2 b6 11. Nb3 Na6 12. a3 Bb7 13. O-O Rc8 14. Rad1 Qc7 15.
Qb1 Qb8 16. Nd2 Qa8 17. b4 Nc7 18. Rc1 e5 19. Nd5 Nfxd5 20. cxd5 f5 21. f3 Ne8
22. Rxc8 Qxc8 23. Rc1 Qd7 24. Qc2 f4 25. Bf2 g5 26. Nf1 h5 27. Qd1 Rf6 28. Nh2
Rg6 29. Qc2 Bh6 30. a4 Rg7 31. Bb5 Qd8 32. Bc6 Rc7 33. Qd1 Qc8 34. b5 Nf6 35.
Ra1 Qd8 36. Bxb7 Rxb7 37. Rc1 Qe7 38. Rc8+ Kh7 39. Qc2 Bf8 40. Qc6 Rd7 1/2-1/2

[Event "Zukertort"]
[Site "Charlesbourg CAN"]
[Date "2014.02.24"]
[Round "3"]
[White "Lessard, Claude"]
[Black "Tremblay-Alix, Eric"]
[Result "0-1"]
[WhiteElo "2061"]
[BlackElo "1828"]
[PlyCount "64"]
[EventDate "2014.02.10"]
[EventType "swiss"]
[EventRounds "5"]
[EventCountry "CAN"]

1. d4 e6 2. Nf3 d5 3. e3 c5 4. c3 Nc6 5. Bd3 c4 6. Bc2 Nf6 7. O-O Bd6 8. Nbd2
O-O 9. e4 dxe4 10. Nxe4 Nxe4 11. Bxe4 Qc7 12. Re1 f5 13. Bc2 Ne7 14. Ne5 b5 15.
Qh5 Nd5 16. f4 Bb7 17. Bd2 Nf6 18. Qh4 Ne4 19. Be3 Rf6 20. Bxe4 Bxe4 21. Qf2
Bxe5 22. fxe5 Rg6 23. g3 Rf8 24. Bf4 h5 25. Re3 h4 26. a4 a6 27. axb5 axb5 28.
Qe1 Qb7 29. Qf2 h3 30. Qf1 Bg2 31. Qd1 Rg4 32. b4 g5 0-1

[Event "Zukertort"]
[Site "Charlesbourg CAN"]
[Date "2014.02.24"]
[Round "3"]
[White "Tremblay, Rejean"]
[Black "Dube, Daniel"]
[Result "1-0"]
[WhiteElo "2223"]
[BlackElo "1816"]
[PlyCount "59"]
[EventDate "2014.02.10"]
[EventType "swiss"]
[EventRounds "5"]
[EventCountry "CAN"]

1. d4 d5 2. c4 c6 3. Nf3 Nf6 4. Nc3 e6 5. e3 Nbd7 6. Bd3 dxc4 7. Bxc4 b5 8. Bd3
a6 9. e4 c5 10. e5 cxd4 11. Nxb5 Nxe5 12. Nxe5 axb5 13. Bxb5+ Bd7 14. Nxd7 Qa5+
15. Bd2 Qxb5 16. Nxf8 Rxf8 17. b3 Nd7 18. a4 Qd3 19. Bb4 Qe4+ 20. Kf1 Rg8 21.
h4 Ne5 22. Rh3 Nc6 23. Bd2 h6 24. Rc1 Ke7 25. Qh5 Rgb8 26. Rf3 Ne5 27. Rxf7+
Nxf7 28. Rc7+ Kd8 29. Qxf7 Qb1+ 30. Be1 1-0

[Event "Zukertort"]
[Site "Charlesbourg CAN"]
[Date "2014.03.03"]
[Round "4"]
[White "Beaudoin, Stephane"]
[Black "Tremblay, Rejean"]
[Result "1/2-1/2"]
[WhiteElo "2020"]
[BlackElo "2223"]
[PlyCount "79"]
[EventDate "2014.02.10"]
[EventType "swiss"]
[EventRounds "5"]
[EventCountry "CAN"]

1. e4 c5 2. Nf3 d6 3. d4 cxd4 4. Nxd4 Nf6 5. Nc3 a6 6. Be3 e5 7. Nb3 Be7 8. f3
Be6 9. Nd5 Nxd5 10. exd5 Bf5 11. Bd3 Bxd3 12. Qxd3 Nd7 13. O-O-O O-O 14. g4 Bg5
15. h4 Bxe3+ 16. Qxe3 Qc7 17. g5 Rac8 18. Rh2 a5 19. Kb1 a4 20. Nc1 Nb6 21. a3
Nc4 22. Qf2 f5 23. Na2 e4 24. fxe4 fxe4 25. Qd4 e3 26. Ka1 Rf5 27. Nb4 Rcf8 28.
Qd3 Qc5 29. Qe4 Rf2 30. Nd3 Qb5 31. Rxf2 exf2 32. Qe6+ Kh8 33. Rf1 g6 34. Qe4
Kg8 35. Qd4 Ne5 36. Rxf2 Rxf2 37. Nxf2 Qf1+ 38. Ka2 Nf3 39. Qxa4 Qxf2 40. Qe8+
1/2-1/2

[Event "Zukertort"]
[Site "Charlesbourg CAN"]
[Date "2014.03.03"]
[Round "4"]
[White "Garneau, Benoit"]
[Black "Glode, Martin"]
[Result "0-1"]
[WhiteElo "1951"]
[BlackElo "1866"]
[PlyCount "40"]
[EventDate "2014.02.10"]
[EventType "swiss"]
[EventRounds "5"]
[EventCountry "CAN"]

1. e4 e6 2. d4 d5 3. Nc3 Nf6 4. Bg5 dxe4 5. Nxe4 Nbd7 6. Nf3 h6 7. Bxf6 Nxf6 8.
Bd3 Nxe4 9. Bxe4 c5 10. O-O cxd4 11. Nxd4 Be7 12. c3 O-O 13. Qh5 Qb6 14. b4 a5
15. b5 Bd7 16. Rad1 Rfd8 17. Nf5 exf5 18. Rxd7 Rxd7 19. Qxf5 Qg6 20. Qxd7 Qxe4
0-1

[Event "Zukertort"]
[Site "Charlesbourg CAN"]
[Date "2014.03.03"]
[Round "4"]
[White "Lapierre, Gaetan"]
[Black "Fecteau, Martin"]
[Result "1-0"]
[WhiteElo "1947"]
[BlackElo "1978"]
[PlyCount "121"]
[EventDate "2014.02.10"]
[EventType "swiss"]
[EventRounds "5"]
[EventCountry "CAN"]

1. d4 d5 2. Nf3 Nf6 3. e3 g6 4. Be2 Bg7 5. O-O O-O 6. c4 c6 7. a4 a5 8. Nc3 e6
9. Ne5 Nfd7 10. Nxd7 Nxd7 11. f4 b6 12. e4 dxc4 13. e5 f5 14. Bxc4 Re8 15. d5
cxd5 16. Bxd5 Rb8 17. Bc4 Nc5 18. Qe2 Qe7 19. Rd1 Rd8 20. Rxd8+ Qxd8 21. Be3
Bd7 22. Rd1 Qc7 23. Kf1 Bf8 24. b3 Be8 25. Nb5 Bxb5 26. Bxb5 Kf7 27. Qc4 Be7
28. Bxc5 Qxc5 29. Qxc5 Bxc5 30. Rd7+ Be7 31. Bc4 Rc8 32. Ke2 Rc6 33. Rb7 Kf8
34. Kd3 Kf7 35. h4 h6 36. g3 Kf8 37. Rb8+ Kf7 38. Rb7 Kf8 39. Ke2 Kf7 40. Kf3
h5 41. Kg2 Kf8 42. Kh3 Bc5 43. Kg2 Kg8 44. Bb5 Rc8 45. Bd7 Rd8 46. Bxe6+ Kh8
47. Bd7 Kg8 48. Kf3 Kf8 49. Ke2 Bg1 50. Bb5 Bc5 51. e6 Rd4 52. Bd3 Rd8 53. Rf7+
Kg8 54. Bc4 Kh8 55. Rd7 Rxd7 56. exd7 Be7 57. Bf7 Kg7 58. Be8 Bd8 59. Kd3 Kf6
60. Kc4 Ke7 61. Kd5 1-0